000 00245nam a2200097Ia 4500
001 704500
005 20250826162412.0
008 250824s9999 xx 000 0 und d
245 0 _aSON DÜNYA DÜZENİ
_cERHAN AFYONCU
260 _bYEDİTEPE YAYINLARI
999 _c704500
_d704500